000 00838nam a2200217 4500
008 171206b xxu||||| |||| 00| 0 eng d
020 _a9789814095761
082 _22001
_aDC 610.73
_bB56
100 _924306
_aBlack, Joyce M., author.
245 _aMedical-surgical nursing :
_bclinical management for positive outcomes /
_cJoyce M. Black, Jane Hokanson Hawks, Annabelle M. Keene
250 _a6th edition
260 _aPhiladelphia :
_bW.B. Saunders,
_c©2001
300 _axxv, 2310, I1-I74 pages :
_billustrations, portraits ;
_c29 cm.
500 _aIncludes bibliographical references and index.
650 0 _924307
_aNursing
650 0 _924308
_aSurgical nursing
650 0 _924309
_aPsychophysiology
700 _924311
_aHawks, Jane Hokanson, author.
700 _924312
_aKeene, Annabelle M., author.
942 _2ddc
_cDC
999 _c7921
_d7921